Pays d'Europe - Statistiques

Statistiques générales
  • Ce quiz a été pris 127 fois
  • Le résultat moyen est 41 sur 45
Réponses sur la Carte
Les réponses sont colorées sur une échelle allant du rouge au vert en fonction du pourcentage des utilisateurs qui les ont devinées à leur premier essai. Vous pouvez retrouver ces pourcentages ci-dessous.
 
Statistiques - réponses
Pays % Correct
Italie
100%
Espagne
99%
France
99%
Portugal
99%
Belgique
98%
Royaume-Uni
98%
Allemagne
97%
Pays-Bas
97%
Suède
97%
Suisse
97%
Pologne
96%
Russie
96%
Luxembourg
95%
Irlande
94%
Norvège
94%
Danemark
93%
Estonie
93%
Finlande
93%
Grèce
93%
Lettonie
93%
Ukraine
93%
Lituanie
92%
Autriche
91%
Islande
91%
Albanie
90%
Monaco
90%
Roumanie
90%
Andorre
89%
Croatie
89%
Hongrie
89%
République Tchèque
87%
Slovaquie
87%
Slovénie
87%
Vatican
87%
Biélorussie
84%
Bulgarie
84%
Serbie
83%
Kosovo
82%
Malte
81%
Liechtenstein
80%
Monténégro
80%
Saint-Marin
80%
Macédoine du Nord
79%
Bosnie-Herzégovine
76%
Moldavie
72%
Aucun quiz correspondant
Distribution des résultats
% des personnes avec chaque résultat
Percentile par nombre de réponses
Votre historique - résultats
Vous n’avez pas pris ce quiz